000 01394cam a2200337 a 4500
001 000017675
005 20200929165206.0
008 751003s1973 pr ac 000 p eng d
035 _a(DLC) 74235354
035 _a(OCoLC)1672784
040 _aDO-SdBNP
_cNAlU
_dDLC
042 _apremarc
082 _a923.2
_bA338i
245 0 0 _aImagen de Pedro Albizu Campos /
_cEditores ; Benjamín Torres, Marisa Rosado, José Manuel Torres Santiago.
260 _aSan Juan de Puerto Rico :
_bInstituto de Cultura Puertorriqueña,
_c1973.
300 _a99 p. :
_bil., retrs ;
_c23 cm.
500 _aCatálogo de una exposición celebrada en el Instituto de Cultura Puertorriqueña, 12 de septiembre-octubre 31, 1973.
500 _a"Antologia poetica": p. [73]-97.
600 1 0 _aAlbizu Campos, Pedro,
_d1891-1965
_vPictorial works.
_938500
600 1 0 _aALBIZU CAMPOS, PEDRO,
_d1891-1965
_xFOTOGRAFÍAS
_938501
600 1 0 _aALBIZU CAMPOS, PEDRO,
_y1891-1965
_xPOESÍAS
_938502
650 4 _aAutor puertorriqueño
_xBiografía
_938503
650 4 _aPoesía puertorriqueña
_91015
650 4 _aLiteratura puertorriqueña
_9250
700 1 _aTorres, Benjamín,
_eed.
_938504
700 1 _aRosado, Marisa,
_eed.
_938505
700 1 _aTorres Santiago, José Manuel,
_d1940-
_eed.
_938506
710 2 _aInstituto de Cultura Puertorriqueña.
_94083
910 _aCatalogación por copia / LC
049 _aBNGR
999 _c17200
_d17200